|
|
|
|
| LEADER |
01546nam a2200433 i 4500 |
| 001 |
nkc20162786488 |
| 003 |
CZ PrNK |
| 005 |
20160513090142.0 |
| 007 |
ta |
| 008 |
160419s2016 xr a e p 000 0 cze |
| 015 |
|
|
|a cnb002786488
|
| 020 |
|
|
|a 978-80-7453-675-5
|q (brožováno)
|
| 035 |
|
|
|a (OCoLC)951553170
|
| 040 |
|
|
|a BOA001
|b cze
|e rda
|
| 072 |
|
7 |
|a 374
|x Výchova a vzdělávání dospělých. Mimoškolní výchova a vzdělávání
|2 Konspekt
|9 22
|
| 072 |
|
7 |
|a 37.016
|x Učební osnovy. Vyučovací předměty. Učebnice
|2 Konspekt
|9 22
|
| 080 |
|
|
|a 374.7
|2 MRF
|
| 080 |
|
|
|a 37.02
|2 MRF
|
| 080 |
|
|
|a (07)
|2 MRF
|
| 100 |
1 |
|
|a Smékalová, Lucie,
|d 1980-
|7 mzk2010613527
|4 aut
|
| 245 |
1 |
0 |
|a Didaktika vzdělávání dospělých :
|b distanční text /
|c Lucie Smékalová
|
| 250 |
|
|
|a 1. vydání
|
| 264 |
|
1 |
|a Týn nad Vltavou :
|b Nová Forma,
|c 2016
|
| 300 |
|
|
|a 101 stran :
|b ilustrace (některé barevné) ;
|c 30 cm
|
| 336 |
|
|
|a text
|b txt
|2 rdacontent
|
| 337 |
|
|
|a bez média
|b n
|2 rdamedia
|
| 338 |
|
|
|a svazek
|b nc
|2 rdacarrier
|
| 504 |
|
|
|a Obsahuje bibliografie
|
| 650 |
0 |
7 |
|a vzdělávání dospělých
|7 ph162891
|2 czenas
|
| 650 |
0 |
7 |
|a didaktika
|7 ph114316
|2 czenas
|
| 650 |
0 |
9 |
|a adult learning
|2 eczenas
|
| 650 |
0 |
9 |
|a teaching
|2 eczenas
|
| 655 |
|
7 |
|a učební texty
|7 fd133599
|2 czenas
|
| 655 |
|
9 |
|a educational texts
|2 eczenas
|
| 910 |
2 |
|
|a BOA001
|b 4-1364.959
|
| 990 |
|
|
|a BK
|
| 995 |
|
|
|a 01
|
| 991 |
|
|
|b 201604
|c NOV
|
| 996 |
6 |
|
|b 2610668282
|c 4-1364.959
|l MZK
|r Sklad / do 1 hodiny
|n 5
|p p.v.
|w 001556880
|u 000010
|a 1
|e BOA001
|j MZK50
|s P
|